LEADER 00834nam a2200229 i 4500 001 000000136625 003 CaOOAMICUS 005 20050330000000.0 008 050330s1980 it u000 u ita u 013 $a110344 040 $aSeMil$bita 100 1 $aCasiglio, Nino.$0(OLS)http://semarc/name/55578 245 13$aLa strada Francesca :$bromanzo /$cNino Casiglio. 260 $aMilano :$bRusconi,$c1980. 300 $a230 p. ;$c21 cm. 490 0 $aNarrativa Rusconi 830 0$aNarrativa Rusconi.$0(OLS)http://semarc/title/7305 850 $aSeMil 852 $aSeMil$W1$xVenegono$y1$m1O VI 116$j90219$B90219$CSeMilBibl$Z2$F95106 $81 961 $aLascito: Poma mons. Gianfranco 996 $6245$aLa strada Francesca :$bromanzo$9(OLS)http://semarc/title/199630 996 $6260$aMilano :$bRusconi$9(OLS)http://semarc/publisher/30258 LEADER 01528nam a2200337 i 4500 001 000000256461 003 CaOOAMICUS 005 20251016145715.0 008 171128s1836 it u000 u lat u 013 $a235369 040 $aSeMil$bita 110 2 $aChiesa Cattolica.$0(OLS)http://semarc/name/987 245 10$aOrdo ministrandi sacramenta infirmis :$bexcerptus e rituali sacramentorum ad usum mediolanensis ecclesiae. 260 $aMediolani :$bApud Jacobum Agnellum,$c1836. 300 $a174 p. ;$c14 cm. 500 $aFront. e testo stampati in rosso e nero 500 $aConsistenza: 3 copie 650 4$aLibri liturgici - Rituali - Unzione degli infermi - Rito ambrosiano.$0(OLS)http://semarc/subject/42528 850 $aSeMil 852 $aSeMil$W1$xVenegono$y1$m3K III 180 FA$j206806$B206806$CSeMilBibl$Z2$F220210 $8I 852 $aSeMil$W1$xVenegono$y1$m3K III 181 FA$j206807$B206807$CSeMilBibl$Z2$F220211 $8I 852 $aSeMil$W1$xVenegono$y1$m2ZA XI 28 FA$j198524$B198524$CSeMilBibl$Z2$F209660 $8I 910 2 $aSanta Sede. 941 1 $a4 961 $aOmaggio: Altro 961 $aLascito: Martini Card. Carlo Maria 961 $aLascito: Martini Card. Carlo Maria 996 $6245$aOrdo ministrandi sacramenta infirmis :$bexcerptus e rituali sacramentorum ad usum mediolanensis ecclesiae$9(OLS)http://semarc/title/350259 996 $6260$aMediolani :$bApud Jacobum Agnellum$9(OLS)http://semarc/publisher/55228